Useimmin arvatut Afrikan valtiot JetPunkissa - Statistics

Yleistilastot
  • Tätä visaa on pelattu 877 kertaa
  • Keskiarvotulos 9 / 10
Vastaustilastot
% Valtio % Oikein
97 Egypti
97%
96 Etelä-Afrikka
96%
91 Marokko
90%
91 Niger
85%
91 Kongon demokraattinen tasavalta
84%
91 Kongon tasavalta
84%
89 Nigeria
83%
89 Somalia
83%
88 Algeria
80%
94 Madagaskar
73%
Ehtoja vastaavia visoja ei löytynyt
Tulosjakauma
Jokaisen tuloksen saaneiden osuus
Persentiili vastausten määrän mukaan
Tuloshistoriasi
Et ole pelannut tätä visaa